Catalog

Record Details

Catalog Search



Race to the finish / written by Nate Bitt ; ... Read More

Bitt, Nate,(author.).
Zod, João,(artist.). Glass House Graphics,(artist.).
Series: Arcade world ; 5

Available copies

  • 1 of 1 copy available at LARL/NWRL Consortium. (Show)
  • 1 of 1 copy available at Northwest Regional Library.

Current holds

0 current holds with 1 total copy.

Show All Copies
Location Call Number / Copy Notes Barcode Shelving Location Status Due Date
Red Lake Falls Public Library j BIT (Text) 35500006636128 Main Available -

Record details

  • ISBN: 9781665904797
  • ISBN: 1665904798
  • ISBN: 9781665904803
  • ISBN: 1665904801
  • Physical Description: 139 pages : color illustrations ; 24 cm.
  • Edition: First Little Simon edition.
  • Publisher: New York : Little Simon, 2022.

Content descriptions

General Note:
Chiefly illustrations.
Summary, etc.:
In the Arcade World, Travis, Journey, and Devonte ... Read More
Target Audience Note:
Ages 5-9. Little Simon.
Grades K-1. Little Simon.
Subject: Video games > Comic books, strips, etc.
Video games > Juvenile fiction.
Racing > Comic books, strips, etc.
Racing > Juvenile fiction.
Video games > Fiction.
Racing > Fiction.
Graphic novels.
Science fiction.
Genre: Science fiction comics.
Graphic novels.
LDR 02023nam a2200541Ii 4500
001405303
003LARL_NWRL_CONSORTIUM
00520221219201851.0
008221213s2022 nyua b 6 000 0 eng
010 . ‡a 2022033222
040 . ‡aNJQ/DLC ‡beng ‡erda ‡cLNC ‡dLNC
020 . ‡a9781665904797 ‡q(paperback)
020 . ‡a1665904798 ‡q(paperback)
020 . ‡a9781665904803 ‡q(hardcover)
020 . ‡a1665904801 ‡q(hardcover)
035 . ‡a(OCoLC)1354623910
08204. ‡a741.5/973 ‡223/eng/20220822
1001 . ‡aBitt, Nate, ‡eauthor.
24510. ‡aRace to the finish / ‡cwritten by Nate Bitt ; illustrated by João Zod at Glass House Graphics.
250 . ‡aFirst Little Simon edition.
264 1. ‡aNew York : ‡bLittle Simon, ‡c2022.
300 . ‡a139 pages : ‡bcolor illustrations ; ‡c24 cm.
336 . ‡atext ‡btxt ‡2rdacontent
336 . ‡astill image ‡bsti ‡2rdacontent
337 . ‡aunmediated ‡bn ‡2rdamedia
338 . ‡avolume ‡bnc ‡2rdacarrier
4900 . ‡aArcade world ; ‡v5
500 . ‡aChiefly illustrations.
520 . ‡aIn the Arcade World, Travis, Journey, and Devonte compete against each other and a mystery racer in a race to the finish.
521 . ‡aAges 5-9. ‡bLittle Simon.
521 . ‡aGrades K-1. ‡bLittle Simon.
650 0. ‡aVideo games ‡vComic books, strips, etc.
650 0. ‡aVideo games ‡vJuvenile fiction.
650 0. ‡aRacing ‡vComic books, strips, etc.
650 0. ‡aRacing ‡vJuvenile fiction.
650 1. ‡aVideo games ‡vFiction.
650 1. ‡aRacing ‡vFiction.
650 1. ‡aGraphic novels. ‡0(LARL_NWRL_CONSORTIUM)40036
650 1. ‡aScience fiction. ‡0(LARL_NWRL_CONSORTIUM)30394
655 7. ‡aScience fiction comics. ‡2lcgft
655 7. ‡aGraphic novels. ‡2lcgft
7001 . ‡aZod, João, ‡eartist.
7102 . ‡aGlass House Graphics, ‡eartist.
901 . ‡a405303 ‡b ‡c405303 ‡tbiblio

Additional Resources